Normal view
MARC view
- Sohail Qureshi
Entry Personal Name
001 - CONTROL NUMBER
- control field: 47700
003 - CONTROL NUMBER IDENTIFIER
- control field: NUST
005 - DATE AND TIME OF LATEST TRANSACTION
- control field: 20210314133903.0
008 - FIXED-LENGTH DATA ELEMENTS
- fixed length control field: 210314|| aca||aabn | a|a d
040 ## - CATALOGING SOURCE
- Original cataloging agency: NUST
- Transcribing agency: NUST
100 ## - HEADING--PERSONAL NAME
- Personal name: Sohail Qureshi
670 ## - SOURCE DATA FOUND
- Source citation: Work cat.: (NUST): Zahoor Ahmad Khan 47699, Solving civil engineering problems (CED-44), 1998
